000 00214nam a22000857a 4500
008 161219b xxu||||| |||| 00| 0 eng d
100 _92131
_aSuslov .V
245 _aWho is The Stongest?
260 _aMoscow
_bProgress
_c1974
999 _c5013
_d5013